Report of Committee Appointed to Investigate the conduct and Activities of Shri Subramanian Swamy, Member of the Rajya Sabha (Record no. 491462)

000 -LEADER
fixed length control field 00514cam a22001337a 4500
008 - FIXED-LENGTH DATA ELEMENTS--GENERAL INFORMATION
fixed length control field 180718b1976 xxu||||| |||| 00| 0 eng d
082 ## - DEWEY DECIMAL CLASSIFICATION NUMBER
Classification number G19x54 In2
245 ## - TITLE STATEMENT
Title Report of Committee Appointed to Investigate the conduct and Activities of Shri Subramanian Swamy, Member of the Rajya Sabha
Statement of responsibility, etc. by Rajya Sabha Secretariat
260 ## - PUBLICATION, DISTRIBUTION, ETC.
Place of publication, distribution, etc. New Delhi
Name of publisher, distributor, etc. Rajya Sabha Secretariat
Date of publication, distribution, etc. 1976
300 ## - PHYSICAL DESCRIPTION
Extent 43+p
500 ## - GENERAL NOTE
General note Chairman: Godey Murahari
700 ## - ADDED ENTRY--PERSONAL NAME
Personal name Murahari, Godey (Chairman)
700 ## - ADDED ENTRY--PERSONAL NAME
Personal name India. Rajya Sabha Secretariat
Holdings
Withdrawn status Lost status Damaged status Not for loan Permanent Location Current Location Date acquired Full call number Barcode Date last seen Price effective from Koha item type
        Indian Institute of Public Administration Indian Institute of Public Administration 2018-08-04 G19x54 In2 GG16344 2018-08-04 2018-08-04 GG

Powered by Koha